Belmondo - Statystyki

Ogólne statystyki
  • Ten quiz został rozwiązany 54 razy
    40 od ostatniego zresetowania
  • Średni wynik to 15 z 122
Statystyki odpowiedzi
% Poprawnych
Młody G
88%
G
84%
Belmondo
72%
Belmondawg
60%
Młody G z Gdyni
56%
Młody Gdynianin
48%
Algidziak
40%
Młody Gie
40%
Nowy Napoleon tylko większe berło
36%
Nowy Tony Hawk tylko że rapowy
36%
Młody G Sportowiec
32%
Młody Muchadore
32%
Młody Rastafari
32%
George Orwell z bongiem
28%
Kolega od jebanka
28%
Młody Sarmata
28%
Obywatel bez NIPu
28%
Obywatel Meksyku
28%
Sztosinger
28%
Tytus
28%
Belmondoe
24%
Bojkot
24%
Inspektor Gadżet
24%
Młody Bonaparte tylko że naprawdę
24%
Młody Gypsy
24%
Młody Mowgli
24%
Psychodeliczny wiking
24%
Scrooge Ebenezer
24%
Belmondziarz
20%
Dr Traphałs
20%
Młody Algida
20%
Młody Glitch
20%
Młody G z gdyni a nie z nairobi
20%
Nowy Orson Welles
20%
Ostateczny nurt
20%
Sportowiec
20%
Czarodziej z Oz
16%
Daquan
16%
Młody Stavro Blofeld
16%
Nowy Larry Flynt
16%
Atlas
12%
Liroy Merlin
12%
Młody Bi
12%
Młody G z gdyni a nie z francji
12%
Mobbyn Ranger
12%
Mowgli Wychowanek Dżungli
12%
Proteziak
12%
Syn Ayn
12%
Czarnoksiężnik z oz
8%
Husky
8%
Młody G z gdyni a nie z karwin
8%
Młody Kmicic
8%
Młody Mastermind
8%
Młody Scrooge McDuck
8%
Młody Snake Plissken
8%
Muszkieter
8%
Urwipołeć śmierdzący groszem
8%
Belmondziak Sztosinger
4%
Hajle Syllasje
4%
Hustler
4%
Keepercipek
4%
Młody figlarz
4%
Młody gingerbread
4%
Młody G Trendsetter
4%
Młody Libertarianin
4%
Młody tester
4%
Syn Makumby
4%
Titi
4%
Tytus Szyluk
4%
Z gdyni młody G a nie z rosji
4%
żyd
4%
Boris Becker
0%
Cejrondo
0%
Cipkoholik
0%
crusader
0%
człowiek z blizną
0%
Dr Ągal
0%
Freddie Mercury polskiego rapu
0%
gambler
0%
G z gdyni a nie z indii
0%
Harpagan
0%
Jonny Quest
0%
krejzol
0%
Kuti
0%
Mały Micky
0%
marka
0%
Mick Jagger
0%
Młody Bamber
0%
Młody Bundy
0%
Młody Coke Boy
0%
Mlody G aka lubię kwit jak cakecamp ej
0%
Młody G belmondziarz z gdyni a nie skądś tam
0%
Młody G kapral
0%
młody g night
0%
Młody G reprezent
0%
Młody G'RO
0%
Młody G to król nie uliczny druid
0%
młody g z gdyni ale w gańsku
0%
Młody G z Gdyni i nie z Kambodży
0%
Młody howlin wolf z gdyni
0%
Młody łapserdak
0%
Młody Majster
0%
Młody Murzynek Bambo
0%
Motorhead
0%
Mr. belmondo
0%
nafazowany jak Księżyc
0%
Narco-polo
0%
Nowy Belmondo
0%
nowy Cheops
0%
Nowy johnny cash
0%
Nowy Mad Max
0%
nowy Mojżesz
0%
Parapeciarz
0%
performer
0%
Strimer
0%
Sułtan
0%
SZPONT-BOB
0%
Wasza wysokość
0%
Woody Woodpecker
0%
Zdrowy młody g mega wizard
0%
Z gdyni młody g a nie z kapsztad
0%
Z gdyni młody g a nie z libii
0%
Nie znaleziono quizów pasujących do podanych kryteriów
Rozkład punktacji
Procent ludzi z każdym wynikiem
Percentyl według liczby udzielonych odpowiedzi
Twoja historia wyników
Nie rozwiązałeś tego quizu od ostatniego zresetowania